Places To Study
There are group study rooms, individual study carrels, computer labs, and other spaces to study in the Libraries.
Reserve A Group Room| 000 -LEADER | |
|---|---|
| fixed length control field | 00669nam a22002177a 4500 |
| 003 - CONTROL NUMBER IDENTIFIER | |
| control field | OSt |
| 005 - DATE AND TIME OF LATEST TRANSACTION | |
| control field | 20251223100649.0 |
| 008 - FIXED-LENGTH DATA ELEMENTS--GENERAL INFORMATION | |
| fixed length control field | 251223b |||||||| |||| 00| 0 eng d |
| 020 ## - INTERNATIONAL STANDARD BOOK NUMBER | |
| International Standard Book Number | 9789997101969 |
| 040 ## - CATALOGING SOURCE | |
| Transcribing agency | DCL |
| 041 ## - LANGUAGE CODE | |
| Language code of text/sound track or separate title | English |
| 082 ## - DEWEY DECIMAL CLASSIFICATION NUMBER | |
| Classification number | 959.101 |
| 100 1# - MAIN ENTRY--PERSONAL NAME | |
| Personal name | Aung-Thwin, Michael |
| 245 10 - TITLE STATEMENT | |
| Title | Pagan : |
| Remainder of title | the origins of modern Burma / |
| Statement of responsibility, etc. | Michael Aung-Thwin. |
| 260 ## - PUBLICATION, DISTRIBUTION, ETC. | |
| Place of publication, distribution, etc. | Honolulu |
| Name of publisher, distributor, etc. | University of Hawaii Press, |
| Date of publication, distribution, etc. | 1985. |
| 300 ## - PHYSICAL DESCRIPTION | |
| Extent | viii, 264 pages : |
| Dimensions | 20 cm. |
| 504 ## - BIBLIOGRAPHY, ETC. NOTE | |
| Bibliography, etc. note | Includes bibliographical notes and index. |
| 651 ## - SUBJECT ADDED ENTRY--GEOGRAPHIC NAME | |
| Geographic name | Myanmar |
| Form subdivision | History |
| Chronological subdivision | Pagan period, 849-1287 |
| 651 ## - SUBJECT ADDED ENTRY--GEOGRAPHIC NAME | |
| Geographic name | Pagan (Myanmar) |
| Form subdivision | History |
| 942 ## - ADDED ENTRY ELEMENTS (KOHA) | |
| Source of classification or shelving scheme | Dewey Decimal Classification |
| Koha item type | Short Term |
| Suppress in OPAC | No |
| Withdrawn status | Lost status | Source of classification or shelving scheme | Damaged status | Not for loan | Collection | Accession No. | Home library | Current library | Shelving location | Date acquired | Total checkouts | Full call number | Barcode | Date last seen | Price effective from | Koha item type |
|---|---|---|---|---|---|---|---|---|---|---|---|---|---|---|---|---|
| Dewey Decimal Classification | English Collection | EB00000669 | Dhammadhara | Dhammadhara | English Shelves | 23/12/2025 | 959.101 Au 669 | EB00000669 | 23/12/2025 | 23/12/2025 | Short Term |